000
00275nam a2200085Ia 4500
008
220120s9999||||xx |||||||||||||| ||und||
100
_a
Raksha Thimmaiah, Pratibha, Akshatha and Vidya
_9
12446
245
0
_a
Bally dispatch system
260
_a
Coorg Institute of Technology
_b
Ponnampet
999
_c
138033
_d
138033